000 00838nam a2200253Ia 4500
003 OSt
005 20221005112923.0
006 a|||||r|||| 00| 0
007 ta
008 221004b |||||||| |||| 00| 0 rus d
020 _a9788175992313 (hbk)
_c325
024 _a116713
037 _b657, 22/03/2012, H.K. Prakashan
_cTextual
040 _aCRL
_cCRL
_brus
041 _2rus
_arus
082 _aO142,3M82,CO, 153Q1
100 _aਤਾਲਸਤਾਏ, ਲਿਓ
245 0 _aਕਗ਼ਾਕ
260 _aਦਿੱਲੀ
_bਨਵਯੁਗ ਪ੍ਰਕਾਣਨ ਭਾਰਤ
_c2011
300 _a299ਪੰ
_ccm.
650 _aਰਾFੀਅਨ ਸਾਹਿਤ
942 _hO142,3M82,CO, 153Q1
_cTEXL
_2cc
999 _c1026422
_d1026422